00621nam a22001937a 450000500170000000800410001701000170005802000260007503500270010103700160012804000180014408200080016210000180017024500860018826000590027427000420033330000320037570000200040720180828123716.0080922t xxu||||| |||| 00| 0 eng d aB-346304-340 c465.00a9788131723005 aB-346304-340, B-346329 bPansy Books adplbEnglish  a000 aThorpe, Edgar aThe pearson general knowledge manual 2009 /cby Edgar Thorpe [and] Showick Thorpe aNew Delhi bDorling Kindersley (India) Pvt. Ltdc2009 a482, F.I.E. PatparganjbDelhie110092 aVarious pagings c24cm(pbk) aThorpe, Showick